000 00297nam a22001337a 4500
008 180216b xxu||||| |||| 00| 0 eng d
020 _a9780443074448
041 _aeng
080 _23rd
_a61
100 _a4
101 _aSHM
245 _aEvidence-based medicine
_cStraus,Sh.E
942 _2udc
_cBK
999 _c42806
_d42806